00669 2200253 4500001002100000005001700021008004100038020001800079035002400097090001500121100001700136245006100153250001000214260003200224300002900256500003100285650002500316850001300341980001300354985000600367986001200373999001500385999001500400YOGYA-0209000001944620090227023000.0 ind  a979-518-594-2 0010-020900000019446 a336bSya D aSYAMSI, Ibnu aDasar - dasar kebijaksanaan keuangan negaracIbnu Syamsi aCet.3 aJakartabRenika Ciptac1994 axi, 275 hlmbilusc21 cm aBibliografi : hlm. 274-275 aPajak dan Perpajakan aYOPDYOGB a21-03-06 a2 aPKL-ATM a97P0093519 a97P0093517